| 000 | 00975cam a22002774a 4500 | ||
|---|---|---|---|
| 999 |
_c2707 _d2707 |
||
| 001 | 11916629 | ||
| 003 | OSt | ||
| 005 | 20230811115129.0 | ||
| 008 | 000218s1999 enka 001 0 eng | ||
| 010 | _a 00508070 | ||
| 020 | _a9780521595018 (pbk.) | ||
| 040 |
_aDLC _cDLC _dDLC _dKH8 |
||
| 042 | _apcc | ||
| 082 | 0 | 0 | _a940.53 NEV |
| 100 | 1 |
_aNeville, Peter, _d1944- _eauthor. |
|
| 245 | 1 | 4 |
_aThe Holocaust / _cPeter Neville. |
| 260 |
_aCambridge : _bCambridge University Press, c1999. |
||
| 300 |
_avii, 103 pages : _bill. ; _c5.99 x 0.26 x 9.02 inches. |
||
| 440 | 0 | _aCambridge perspectives in history | |
| 500 | _aIncludes index. | ||
| 650 | 0 | _aHolocaust, Jewish (1939-1945) | |
| 906 |
_a7 _bcbc _corignew _d2 _encip _f20 _gy-gencatlg |
||
| 942 |
_2ddc _cTR |
||